Statistiques concernant Artistes ayant le plus de titres en tête du Top 50

Cliquez ici pour prendre le quiz!

Statistiques générales

  • Ce quiz a été pris 5 773 fois
    (5 581 depuis la dernière actualisation)
  • Le résultat moyen est 6 sur 17

Statistiques - réponses

#PaysArtiste% Correct
6CanadaCéline Dion
82%
6BarbadeRihanna
63%
9FranceJohnny Hallyday
62%
21CanadaMylène Farmer
60%
5ColombieShakira
60%
4BelgiqueStromae
47%
4CanadaJustin Bieber
41%
4Royaume-UniElton John
38%
4R.D. CongoGims
38%
4CanadaGarou
37%
6États-UnisLady Gaga
24%
4FranceDavid Guetta
18%
4FranceFlorent Pagny
17%
4FranceDaft Punk
13%
6FranceIndochine
12%
4États-UnisPharrell Williams
6%
4FranceMichaël Youn
4%

Distribution des résultats

Percentile par nombre de réponses

% des personnes avec chaque résultat

Votre développement - résultats

Vous n’avez pas pris ce quiz depuis la dernière actualisation